Most iconic characters in cinema history - Statistics

General Stats
  • This quiz has been taken 85 times
  • The average score is 4 of 31
Answer Stats
Answer % Correct
Darth Vader
53%
Indiana Jones
39%
Forrest Gump
31%
Vito Corleone
29%
James Bond
27%
Rocky Balboa
24%
E.T.
20%
Hannibal Lecter
19%
Tony Montana
16%
Marty McFly
13%
Norman Bates
13%
Jack Torrance
10%
Neo
10%
Freddy Krueger
9%
The Bride
9%
Dorothy
6%
Ellen Ripley
6%
Oskar Schindler
6%
The Dude
6%
Alex DeLarge
4%
Michael Myers
4%
The man with no name
4%
Vincent Vega
4%
Charlot
1%
Ghostface
1%
R.P. McMurphy
1%
T-800
1%
William Wallace
1%
Hans Landa
0%
Kevin McCallister
0%
Peter Venkman
0%
No matching quizzes found
Score Distribution
Percent of People with Each Score
Percentile by Number Answered
Your Score History
You have not taken this quiz